Les joueurs les plus utilisés par le RC Lens - Statistiques

Statistiques générales
  • Ce quiz a été pris 56 fois
  • Le résultat moyen est 8 sur 10
Statistiques - réponses
Joueurs % Correct
1. Samba
98%
4. Sotoca
96%
3. Danso
92%
2. Medina
92%
6. Frankowski
83%
5. Gradit
81%
8. Wahi
81%
10. Abdul Samed
56%
7. Aguilar
50%
9. Da Costa
50%
Aucun quiz correspondant
Distribution des résultats
% des personnes avec chaque résultat
Percentile par nombre de réponses
Votre historique - résultats
Vous n’avez pas pris ce quiz